01658cam a2200349 a 4500001001400000003000800014005001700022006001900039007001500058008004100073020003800114040003000152049002600182050002400208082001500232245012300247260005300370300004600423520042000469521001700889588004700906504005100953650004201004650003701046655002901083700001901112710001601131776003501147856009101182942001601273999001901289EDZ0000062277StDuBDS20161031105208.0m||||||||d||||||||cr |||||||||||120307s1994 caua fo| 001|0|eng|d a9781452243382 (ebook) :cNo price aStDuBDSbengcStDuBDSepn aAlfaisal Main Library 0aHQ1061b.A4578 199404a305.2622304aThe aging experienceh[electronic resource] :bdiversity and commonality across cultures /cJennie Keith ... [et al.]. aThousand Oaks, Calif. ;aLondon :bSAGE,cc1994. a1 online resource (xxxiv, 371 p.) :bill.8 aIn an attempt to understand the meaning of ageing and the treatment of the aged in different cultures, seven anthropologists have made studies of 10 communities on four continents - the results of which are presented in this book. The authors use both qualitative and statistical data to examine such issues as: health and well-being, perceptions of the life course, material resources, and functionality of elders. aSpecialized. aDescription based on print version record. aIncludes bibliographical references and index. 0aOlder peoplevCross-cultural studies. 0aOld agevCross-cultural studies. 7aElectronic books.2local1 aKeith, Jennie.2 aSage eBooks08iPrint version :z978080395867840uhttp://ezproxy.alfaisal.edu/login?url=http://sk.sagepub.com/books/the-aging-experience 2lcccEBOOKS c481438d481438